000 00343nam a22001337a 4500
003 OSt
008 241028b |||||||| |||| 00| 0 eng d
082 _a595.7
_bK80C
100 _aKalyanam, N. P.
245 _aCommon insects of India
300 _a136 p.
650 _aPure Sciences | Zoological sciences | India | Insects
942 _2ddc
_cBK
999 _c46759
_d46759